书目信息 |
| 题名: |
生物发酵技术与设备操作
|
|
| 作者: | 黄儒强 , 李玲 编著 | |
| 分册: | ||
| 出版信息: | 北京 化学工业出版社 2006 |
|
| 页数: | 205页 | |
| 开本: | 26cm | |
| 丛书名: | ||
| 单 册: | ||
| 中图分类: | TQ902.1 | |
| 科图分类: | ||
| 主题词: | 发酵--生物技术 , 发酵 , 生物技术 | |
| 电子资源: | ||
| ISBN: | 7-5025-9262-8 | |
| 000 | 00888nam0 2200265 450 | |
| 001 | 012007395812 | |
| 005 | 20070525152642.82 | |
| 010 | @a7-5025-9262-8@dCNY30.00 | |
| 100 | @a20070517d2006 km y0chiy0120 ea | |
| 101 | 0 | @achi |
| 102 | @aCN@b110000 | |
| 105 | @ay z 000yy | |
| 106 | @ar | |
| 200 | 1 | @a生物发酵技术与设备操作@Asheng wu fa jiao ji shu yu she bei cao zuo@f黄儒强,李玲编著@Fhuang ru qiang,li ling bian zhu |
| 210 | @a北京@c化学工业出版社@d2006 | |
| 215 | @a205页@d26cm | |
| 330 | @a本书系统地讲述了与发酵生产密切相关的安全知识、数据处理、培养基和菌种,以及生物发酵工艺和设备及参数测定等内容。 | |
| 606 | 0 | @a发酵@x生物技术 |
| 606 | 0 | @a发酵 |
| 606 | 0 | @a生物技术 |
| 690 | @aTQ902.1@v4 | |
| 701 | 0 | @a黄儒强@Ahuang ru qiang@f(1968~)@4编著 |
| 701 | 0 | @a李玲@Ali ling@c(女,@c生物技术,@f1958~)@4编著 |
| 801 | 0 | @aCN@bRULIN@c20070525 |
| 905 | @dTQ902.1@e23@s8 | |
| 生物发酵技术与设备操作/黄儒强,李玲编著.-北京:化学工业出版社,2006 |
| 205页;26cm |
| ISBN 7-5025-9262-8:CNY30.00 |
| 本书系统地讲述了与发酵生产密切相关的安全知识、数据处理、培养基和菌种,以及生物发酵工艺和设备及参数测定等内容。 |
| ● |
| 相关链接 |
|
|
|
|
正题名:生物发酵技术与设备操作
索取号:TQ902.1/23
 
预约/预借
| 序号 | 登录号 | 条形码 | 馆藏地/架位号 | 状态 | 备注 |
| 1 | 0580791 | 205807910 | 第二样本阅览室/ [索取号:TQ902.1/23] | 在馆 | |
| 2 | 0580792 | 205807929 | 第三借阅区/ [索取号:TQ902.1/23] | 在馆 | |
| 3 | 0580793 | 205807938 | 第三借阅区/ [索取号:TQ902.1/23] | 在馆 | |
| 4 | 0580794 | 205807947 | 第三借阅区/ [索取号:TQ902.1/23] | 在馆 | |
| 5 | 0580795 | 205807956 | 第三借阅区/ [索取号:TQ902.1/23] | 在馆 | |
| 6 | 0580796 | 205807965 | 第三借阅区/ [索取号:TQ902.1/23] | 在馆 | |
| 7 | 0580797 | 205807974 | 第三借阅区/ [索取号:TQ902.1/23] | 在馆 | |
| 8 | 0580798 | 205807983 | 第三借阅区/ [索取号:TQ902.1/23] | 在馆 |